000
00208nam a22000977a 4500
082
_a
961.2 JAM'A
245
_a
JAMAHIRIYA ERA OF THE MASSES
260
_a
CANBERRA
_b
LIBYAN
_c
1969
300
_a
96P
942
_c
BK
999
_c
580093
_d
580093